000 00805nam a2200265Ia 4500
003 GCL
008 140319s9999 xx 000 0 ara d
040 _aGCL /
_cGCL
082 0 4 _a808.068
_bح ق
100 1 _aحسن شحاته
245 1 0 _aقراءات الاطفال /
_cحسن شحاته
260 _a[S.N] :
_bالدار المصرية اللبنانية ،
_c1989
300 _a177 ص ؛
_c22 سم
490 _a
650 0 4 _aالادب العربى
650 0 4 _aالتربية
650 0 4 _aالاطفال
650 0 4 _aعلم النفس التربوى
650 0 4 _aالقراءة
650 0 4 _aادب الاطفال
650 0 4 _aالرعاية الذهنية
650 0 4 _aكتب الاطفال
650 0 4 _aالكتب والقراءة للاطفال
942 _2ddc
_cBK
999 _c30513
_d30513